CBSE QUESTION BANK (BIOLOGY-11 (Record no. 12673)

MARC details
000 -LEADER
fixed length control field 00254nam a22000977a 4500
008 - FIXED-LENGTH DATA ELEMENTS--GENERAL INFORMATION
fixed length control field 240909b |||||||| |||| 00| 0 eng d
020 ## - INTERNATIONAL STANDARD BOOK NUMBER
International Standard Book Number 9789359583310
100 ## - MAIN ENTRY--PERSONAL NAME
Personal name Oswaal
9 (RLIN) 7599
245 ## - TITLE STATEMENT
Title CBSE QUESTION BANK (BIOLOGY-11
260 ## - PUBLICATION, DISTRIBUTION, ETC. (IMPRINT)
Place of publication, distribution, etc. New Delhi
Name of publisher, distributor, etc. Oswaal
Date of publication, distribution, etc. 2024
Holdings
Withdrawn status Lost status Source of classification or shelving scheme Damaged status Koha normalized classification for sorting Not for loan Home library Current library Shelving location Date acquired Total Checkouts Full call number Barcode Date last seen Date last checked out Price effective from Koha item type
    Dewey Decimal Classification   OSW_574_000000000000000   Good Samaritan School Library Good Samaritan School Library Biology 09/09/2024 1 OSW574 OSW17974 11/14/2024 11/12/2024 09/09/2024 BOOK

Powered by Koha